000 00482nam a2200157Ia 4500
003 LK-CoDNM
008 010623t2000 xxu||||| |||| 00| 1 sin d
040 _aLK-CoDNM
_dLK-CoDNM
_eLK-CoDNM
041 _asin
080 _a294.3 TRI
245 _aබුදුදහමේ අධ්‍යාත්මය (මහාමංගල සුත්‍රය)
246 _aBudu Dahame Adyathmaya (Mahamangala Suthraya)
260 _bSrideevi
_c2000
300 _b83p., 21 cm
942 _cBK
999 _c120484
_d120484